[Event "CZE-ch U12 Girls"]
[Site "Kouty nad Desnou"]
[Date "2010.03.12"]
[Round "8"]
[White "Stratilova, Veronika"]
[Black "Sulcova, Lenka"]
[Result "1-0"]
[WhiteElo "1000"]
[BlackElo "1100"]
[PlyCount "71"]
[EventDate "2010.03.06"]
[EventType "swiss"]
[EventRounds "9"]
[EventCountry "CZE"]
[SourceTitle "EXT 2012"]
[Source "ChessBase"]
[SourceDate "2011.11.24"]
[SourceVersion "1"]
[SourceVersionDate "2011.11.24"]
[SourceQuality "1"]

1. e4 e5 2. Nf3 Nc6 3. Bb5 Nf6 4. d3 d5 5. 0-0 dxe4 6. dxe4 Qxd1 7. Rxd1 Bd7 8. Nc3 Bc5 9. h3 0-0 10. Bg5 a6 11. Ba4 Rad8 12. Bxc6 Bxc6 13. Nxe5 Rde8 14. Nxc6 bxc6 15. Bxf6 gxf6 16. Re1 Rd8 17. Rad1 Rb8 18. b3 Bb4 19. Re3 Rfd8 20. Rxd8+ Rxd8 21. Na4 Rd1+ 22. Kh2 Bd6+ 23. g3 Bf8 24. Rd3 Re1 25. Rc3 Rxe4 26. Rxc6 Re2 27. Kg2 Bh6 28. Rxf6 Kg7 29. Rc6 Be3 30. Kf3 Re1 31. fxe3 Rf1+ 32. Kg2 Ra1 33. Rxa6 Rxa2 34. Rc6 Ra1 35. Rxc7 Re1 36. Kf2 1-0

[Event "CZE-ch U12 Girls"]
[Site "Kouty nad Desnou"]
[Date "2010.03.10"]
[Round "6"]
[White "Stratilova, Veronika"]
[Black "Zitkova, Kristyna"]
[Result "0-1"]
[WhiteElo "1000"]
[BlackElo "1346"]
[PlyCount "108"]
[EventDate "2010.03.06"]
[EventType "swiss"]
[EventRounds "9"]
[EventCountry "CZE"]
[SourceTitle "EXT 2012"]
[Source "ChessBase"]
[SourceDate "2011.11.24"]
[SourceVersion "1"]
[SourceVersionDate "2011.11.24"]
[SourceQuality "1"]

1. e4 e5 2. Nf3 Nc6 3. Bb5 d6 4. 0-0 Nf6 5. d3 Be7 6. c3 0-0 7. Be3 Re8 8. Nbd2 Bf8 9. Qc2 a6 10. Bxc6 bxc6 11. d4 Bb7 12. Rfe1 Rb8 13. Rad1 h6 14. Nc4 exd4 15. Bxd4 d5 16. Bxf6 Qxf6 17. exd5 Rxe1+ 18. Rxe1 cxd5 19. Nce5 Re8 20. Qd2 Bd6 21. Ng4 Rxe1+ 22. Qxe1 Qf4 23. h3 f5 24. Ne3 g5 25. Kf1 a5 26. Qe2 g4 27. hxg4 fxg4 28. Ng1 g3 29. Qf3 Ba6+ 30. Ke1 gxf2+ 31. Kxf2 Qh4+ 32. g3 Qh2+ 33. Qg2 Bxg3+ 34. Kf3 Qxg2+ 35. Kxg2 Bd6 36. Nxd5 Bb7 37. c4 Kf7 38. Kh3 Bxd5 39. cxd5 Kf6 40. Ne2 Ke5 41. Nc3 c5 42. Kg4 c4 43. a3 Bc5 44. Kh5 Bd4 45. Kxh6 Bxc3 46. bxc3 Kxd5 47. Kg5 Ke4 48. Kg4 Kd3 49. Kf3 Kxc3 50. Ke2 Kb2 51. Kd2 c3+ 52. Kd3 c2 53. Kc4 c1Q+ 54. Kb5 Qc3 0-1

[Event "CZE-ch U12 Girls"]
[Site "Kouty nad Desnou"]
[Date "2010.03.06"]
[Round "1"]
[White "Stratilova, Veronika"]
[Black "Bohanesova, Vendula"]
[Result "1/2-1/2"]
[WhiteElo "1000"]
[BlackElo "1467"]
[PlyCount "103"]
[EventDate "2010.03.06"]
[EventType "swiss"]
[EventRounds "9"]
[EventCountry "CZE"]
[SourceTitle "EXT 2012"]
[Source "ChessBase"]
[SourceDate "2011.11.24"]
[SourceVersion "1"]
[SourceVersionDate "2011.11.24"]
[SourceQuality "1"]

1. e4 e5 2. Nf3 Nc6 3. Bb5 a6 4. Bxc6 dxc6 5. 0-0 Bg4 6. d3 Bc5 7. Re1 h6 8. c3 Bb6 9. h3 Bh5 10. g4 Bg6 11. d4 exd4 12. cxd4 Nf6 13. Nc3 0-0 14. Bf4 Re8 15. e5 Nd5 16. Qd2 Qd7 17. Kg2 h5 18. Kg3 hxg4 19. hxg4 Re6 20. Rh1 f6 21. Rae1 c5 22. dxc5 Ba5 23. Qxd5 Qxd5 24. Nxd5 Bxe1 25. Nxc7 Bxf2+ 26. Kxf2 Rae8 27. Nxe8 Bxe8 28. Re1 g5 29. Bg3 Bc6 30. Nd4 Re8 31. Nxc6 bxc6 32. exf6 Rd8 33. Re6 Rd2+ 34. Re2 Rd5 35. Bd6 Kf7 36. Be7 Rd4 37. Kf3 Rd3+ 38. Re3 Rd2 39. Ra3 Rxb2 40. Rxa6 Rc2 41. Rxc6 Rxa2 42. Rd6 Ra3+ 43. Ke4 Ra4+ 44. Kf5 Ra5 45. Rd7 Ke8 46. Rb7 Ra8 47. Kxg5 Kf7 48. c6 Rg8+ 49. Kf5 Re8 50. c7 Rg8 51. Rb8 Rxb8 52. cxb8Q 1/2-1/2

[Event "CZE-ch U12 Girls"]
[Site "Kouty nad Desnou"]
[Date "2009.03.09"]
[Round "4"]
[White "Stratilova, Veronika"]
[Black "Zemkova, Klara"]
[Result "0-1"]
[WhiteElo "1000"]
[BlackElo "1416"]
[PlyCount "136"]
[EventDate "2009.03.07"]
[EventType "swiss"]
[EventRounds "9"]
[EventCountry "CZE"]
[SourceTitle "EXT 2011"]
[Source "ChessBase"]
[SourceDate "2010.11.26"]
[SourceVersion "1"]
[SourceVersionDate "2010.11.26"]
[SourceQuality "1"]

1. e4 e5 2. Bc4 Nf6 3. Nc3 Nxe4 4. Qh5 Nd6 5. d3 Nxc4 6. dxc4 Nc6 7. Be3 Bb4 8. Bd2 0-0 9. Qd1 d6 10. h3 Bf5 11. a3 Nd4 12. Rc1 Nxc2+ 13. Rxc2 Bxc2 14. Qxc2 Bxc3 15. Bxc3 d5 16. b3 d4 17. Bd2 e4 18. Qb2 Re8 19. Qc1 Qe7 20. Ke2 f5 21. g3 c5 22. b4 e3 23. fxe3 dxe3 24. Bxe3 cxb4 25. axb4 Qxb4 26. Nf3 Rac8 27. Nd2 b5 28. Qb1 Qc3 29. Qd3 b4 30. Qxc3 bxc3 31. Nf3 Rxc4 32. Rc1 c2 33. Ne1 a5 34. Rxc2 Rxc2+ 35. Nxc2 a4 36. Kd3 Rb8 37. Bc5 Kf7 38. Na3 Ke6 39. Kd4 Rb3 40. g4 Rxh3 41. gxf5+ Kxf5 42. Kd5 g5 43. Kc4 g4 44. Kb4 g3 45. Kxa4 g2 46. Nc2 Ke4 47. Ne1 Rg3 48. Nxg2 Rxg2 49. Kb4 h5 50. Be7 Kf3 51. Kc4 h4 52. Bxh4 Rg4+ 53. Kd5 Rxh4 54. Ke5 Ra4 55. Kd5 Ke3 56. Kc5 Kd3 57. Kb5 Rc4 58. Kb6 Kd4 59. Kb5 Kd5 60. Ka5 Rc1 61. Kb4 Rc8 62. Kb5 Rb8+ 63. Ka4 Kc4 64. Ka5 Rb2 65. Ka6 Kc5 66. Ka7 Kc6 67. Ka8 Kc7 68. Ka7 Ra2# 0-1